| 000 | 00739cam a2200253 i 4500 | ||
|---|---|---|---|
| 001 | 36147 | ||
| 003 | BD-RjUL | ||
| 005 | 20211209052436.0 | ||
| 008 | 140617s1979 nyu b 001 0 eng | ||
| 020 | _a0312193734 | ||
| 035 | _a(BD-RjUL)36244 | ||
| 040 |
_aDLC _cDLC _dBD-RjUL _beng |
||
| 041 | _aeng | ||
| 082 | 0 | 0 |
_a324.54 _bSOD 1979 |
| 100 | 1 |
_aSomjee, A. H. _9110025 |
|
| 245 | 1 | 4 |
_aThe democratic process in a developing society / _cA. H. Somjee. |
| 260 |
_aNew York : _bSt. Martin's Press, _c1979. |
||
| 300 |
_aix, 168 p. ; _c22 cm. |
||
| 504 | _aIncludes bibliographical references and index. | ||
| 650 | 0 |
_aPolitical participation _zIndia. _9107559 |
|
| 942 |
_2ddc _cBK |
||
| 999 |
_c36147 _d36147 |
||